| 000 | 00659nam a2200217 i 4500 | ||
|---|---|---|---|
| 001 | 35063 | ||
| 003 | ES-MaACL | ||
| 005 | 20250814015819.0 | ||
| 007 | t| | ||
| 008 | 030211s1905 fr ||||1| fre d | ||
| 080 | _a58 | ||
| 100 | 1 |
_aBonnier, Gaston. _930279 |
|
| 245 | 1 | 0 |
_aCours de botanique / _cpar Gaston Bonnier, Mathieu Leclerc du Sablon. |
| 260 |
_aParís : _b[s.n., _c1905] ( _eCorbeil : _fCrété) |
||
| 300 |
_a2 v. : _bil. ; _c22 cm. |
||
| 505 | 8 | _aContiene: v. 1 y 1er. fascículo del v. 2 | |
| 650 | 7 |
_aBotánica _2embne _910610 |
|
| 700 | 1 |
_aLeclerc du Sablon, Mathieu. _971090 |
|
| 852 | 4 |
_aES-MaACL _jB-13602-03 |
|
| 999 |
_c35063 _d35063 |
||